Architecture Today /

Gardado en:
Detalles Bibliográficos
Autor Principal: Jencks, Charles (autor)
Formato: Libro
Idioma:inglés
Publicado: Nueva York, EUA : Harry N. Abrams, 1988, c1988
Temas:
Etiquetas: Engadir etiqueta
Sen Etiquetas, Sexa o primeiro en etiquetar este rexistro!

MARC

LEADER 00000nam^a2200000^a^4500
001 000187028
005 20250521000000.0
009 20260310102247.471
020 |a 0-8109-1883-8 
037 |a Acervo ITESO - Biblioteca 
041 |a ING 
082 |a 724. 6  |b JEN 
100 |a Jencks, Charles  |e (autor) 
245 1 0 |a Architecture Today /  |c C. Jencks. 
264 4 |a Nueva York, EUA :  |b Harry N. Abrams,  |c 1988, c1988 
300 |a 358 p. 
336 |a texto  |b txt  |2 rdacontenido 
337 |a sin mediación  |b n  |2 rdamedio 
338 |a volumen  |b nc  |2 rdasoporte 
649 |a XX 
650 |a Arquitectura Posmoderna -  |x Historia y Crítica 
650 |a Arquitectura Moderna -  |x Historia y Crítica 
650 |a Arquitectura -  |y Siglo XX 
650 |a Arte Posmoderno -  |x Historia y Crítica 
650 |a Arte Moderno -  |x Historia y Crítica 
650 |a Arte -  |y Siglo XX 
910 |a Fondo General 
920 |a Impresos - Libros 
930 |a Reserva Especial 
905 |a 103 
901 |a 0500129070  |b IT1  |c REE  |u 20250521 
902 |a https://opac.biblio.iteso.mx/vufind/Record/000187028